10. sjezd KSR(b) : zpráva o politické činnosti ÚV KSR(b) 8. března 1951 /

Hlavní autor: Lenin, Vladimir Il‘jič, 1870-1924
Jazyk: Čeština
Vydáno: Praha : SNPL, 1954
Vydání: 1. autoris. vyd.
Edice: Malá knihovna marxismu-leninismu (SNPL)
Fyzický popis: 31, [1] s. ; 8°
Knihy
Uloženo v:
LEADER 00854nam a22002412a 4500
001 000330891
003 CZ BrMZK
005 20210830141031.0
007 ta
008 950101s1954 xr f 000 0 cze d
040 |a BOA001  |b cze 
041 1 |a cze  |h rus 
100 1 |a Lenin, Vladimir Il‘jič,  |d 1870-1924  |7 jn19981001737  |4 aut 
245 1 0 |a 10. sjezd KSR(b) :  |b zpráva o politické činnosti ÚV KSR(b) 8. března 1951 /  |c Vladimír I. Lenin 
250 |a 1. autoris. vyd. 
260 |a Praha :  |b SNPL,  |c 1954 
300 |a 31, [1] s. ;  |c 8° 
490 1 |a Malá knihovna marxismu-leninismu ;  |v sv. 60 
765 0 |t 10 s'jezd RKP(b) 8-16 marta 1921 g  |9 Česky 
830 0 |a Malá knihovna marxismu-leninismu (SNPL)  |0 s 
910 |a BOA001  |b 1-0321.793 
990 |a BK 
996 7 |b 2619840518  |c 1-0321.793  |l MZK  |r Sklad / do 1 hodiny  |n 2  |w 000330891  |u 000010  |a 1  |e BOA001  |j MZK50  |s A